|
|
|
|
| LEADER |
01915nam a22003857a 4500 |
| 001 |
32752 |
| 003 |
BD-DhAAL |
| 005 |
20211121144507.0 |
| 008 |
180214t2016 nyua b 001 0 eng d |
| 999 |
|
|
|c 39064
|d 39064
|
| 020 |
|
|
|a 9781138899438 (hbk)
|
| 020 |
|
|
|a 9781138899445 (pbk)
|
| 020 |
|
|
|a 9781315707860 (ebk)
|
| 040 |
|
|
|a BD-DhAAL
|
| 082 |
|
|
|a 001.301
|
| 245 |
|
|
|a Doing digital humanities :
|b practice, training, research /
|c edited by Constance Crompton, Richard J. Lane and Ray Siemens
|
| 250 |
|
|
|a 1st edition.
|
| 260 |
|
|
|b Routledge Taylor and Francis
|a New York, NY :
|c c2016
|
| 300 |
|
|
|a xxxv, 408 pages
|b illustrations ;
|c 24 cm.
|
| 504 |
|
|
|6 Includes bibliographical references and index(400-408)
|
| 526 |
|
|
|a AAL
|
| 541 |
|
|
|a STS International
|e 32752
|
| 650 |
|
|
|a Humanities
|x Methodology.
|9 24970
|
| 650 |
|
|
|a Humanities
|x Research.
|9 24971
|
| 650 |
|
|
|a Digital media.
|9 24972
|
| 650 |
|
|
|a English language.
|9 42915
|
| 700 |
|
|
|a Crompton, Constance
|9 24982
|
| 700 |
|
|
|a Lane, Richard J.
|9 24983
|
| 700 |
|
|
|a Siemens, Ray
|9 24984
|
| 852 |
|
|
|a Ayesha Abed Library
|b General stacks
|
| 942 |
|
|
|2 ddc
|c BK
|
| 952 |
|
|
|0 0
|1 0
|2 ddc
|4 0
|6 001_301000000000000_DOI
|7 0
|9 62715
|a BRACUL
|b BRACUL
|c GEN
|d 2018-02-12
|e STS International
|g 3374.00
|l 0
|o 001.301 DOI
|p 3010032754
|r 2018-02-12
|t 3
|v 3374.00
|w 2018-02-12
|y BK
|
| 952 |
|
|
|0 0
|1 0
|2 ddc
|4 0
|6 001_301000000000000_DOI
|7 0
|9 62716
|a BRACUL
|b BRACUL
|c GEN
|d 2018-02-12
|e STS International
|g 3374.00
|l 0
|o 001.301 DOI
|p 3010032752
|r 2018-02-12
|t 1
|v 3374.00
|w 2018-02-12
|y BK
|
| 952 |
|
|
|0 0
|1 0
|2 ddc
|4 0
|6 001_301000000000000_DOI
|7 0
|9 62717
|a BRACUL
|b BRACUL
|c GEN
|d 2018-02-12
|e STS International
|g 3374.00
|l 0
|o 001.301 DOI
|p 3010032755
|r 2018-02-12
|t 4
|v 3374.00
|w 2018-02-12
|y BK
|
| 952 |
|
|
|0 0
|1 0
|2 ddc
|4 0
|6 001_301000000000000_DOI
|7 0
|9 62718
|a BRACUL
|b BRACUL
|c GEN
|d 2018-02-12
|e STS International
|g 3374.00
|l 1
|m 1
|o 001.301 DOI
|p 3010032753
|r 2018-08-28
|s 2018-03-03
|t 2
|v 3374.00
|w 2018-02-12
|y BK
|